000 00909nam a22003017a 4500
001 BR9903441
003 BR-BrBNA
005 20230928100428.0
007 ta
008 230509b bl.||||| |||| 00| 0 por d
040 _aBR-BrBNA
_bpor
_cBiblioteca Nacional de Agricultura
041 _a(Por)
072 _aF01
_b1885
090 _ 1885 BR9903441
100 1 _aPascholati, S.F.
100 1 _aStangarlin, J.R.
100 1 _aPiccinin, E.
110 1 _aServico de Apoio as Micro e Pequenas Empresas do Estado de Mato Grosso, Cuiaba (Brasil)
_99297
245 1 _aCogumelos: cultivo e comercializacao; Shiitake e cogumelo do sol
_bColecao Agroindustria, v. 17
260 3 _aCuiaba, MT (Brasil):
_c1998.
300 _a78 p.
500 _a22 ref.; 17 illus.
650 _aCogumelo
650 _aComercializacao
650 _aPratica Cultural
909 _a202309
_bLucia
_c55
_dLucia Elande
942 _cBK
999 _c61290
_d61290